000 00467nam a22001817a 4500
008 180927b xxu||||| |||| 00| | tur d
020 _a9789752896154
041 _atur
050 _aPL248.D77
100 _91295
_aEkrem Dumanlı
245 _aAnlık Hikayeler
250 _a1. Basım
260 _aİstanbul
_bEverest Yayınları
_cAğustos 2009
300 _a96 Sayfa
500 _aTürkçe Edebiyat : 222
650 0 _9145
_aTürk Edebiyatı
942 _2lcc
_cBK
999 _c2502
_d2459